000 01339nas a2200325K 4500
001 9509105
003 OSt
005 20150615121922.0
006 m d
007 cr bn||||||abp
007 cr bn||||||ada
008 111014c19189999nyumr p o 0 a0eng d
035 _a(OCoLC)ocn757031172
035 _a(OCoLC)757031172
040 _aOCLCE
_beng
_cOCLCE
049 _aZCUA
245 0 4 _aThe Parent's magazine
_h[electronic resource].
260 _a[New York.]
_bParent's Association.
300 _av.
_bill.
_c24 cm.
506 _3Use copy
_fRestrictions unspecified
_2star
_5MiAaHDL
533 _aElectronic reproduction.
_b[S.l.] :
_cHathiTrust Digital Library,
_d2011.
538 _aMaster and use copy. Digital master created according to Benchmark for Faithful Digital Reproductions of Monographs and Serials, Version 1. Digital Library Federation, December 2002.
_uhttp://purl.oclc.org/DLF/benchrepro0212
583 1 _adigitized
_c2011
_hHathiTrust Digital Library
_lcommitted to preserve
_2pda
_5MiAaHDL
650 0 _aChild study
_xPeriodicals.
650 0 _aChildren
_xCare and hygiene
_xPeriodicals.
710 2 _aParent's Association, New York.
776 1 _cOriginal
_w(OCoLC)173849210
856 4 0 _3HathiTrust Digital Library
_uhttp://catalog.hathitrust.org/api/volumes/oclc/173849210.html
942 _2lcc
_cPER
999 _c44683
_d44683